000 00891nam a2200241 a 4500
999 _c6425
_d6425
001 6425
003 BD-JhCC
005 20200616134008.0
008 171104s2006 bg |||| ||a| 000 0 ben d
020 _a9847027700527
035 _a(BD-JhCC) 6425
040 _aBD-JhCC
_dBD-JhCC
041 _aben
082 _a297
_bHAS 2006
100 _aহাসয়ান, মাশহুদ
245 _aস্যর সৈয়দ আমীর আলী’স দ্য স্পিরিট অব ইসলাম এ্যান্ড এ শর্ট হিস্ট্রি অব দ্য স্যারাসিন্স /
_cমাশহুদ-হাসয়ান
260 _aঢাকা :
_bজ্ঞানকোষ প্রকাশনী,
_c2006.
300 _a552 p .:
_c22 cm .
650 _aIslam
650 _aMuhammad, Prohet
942 _2ddc
_cBK
_02